00388nam a2200133Ia 4500008004100000020001800041100001500059245008000074260002600154300002100180500001900201650001300220650002100233191129s9999 xx 000 0 und d a9780380770776 aChant, Ben cBen ChantaThe 21st Century entrepreneur:bhow to start a service business/ aNY:bAvon Booksc1994 a242 p. ;c21 cm. aIncludes index aBusiness aEntreprenuership